Diseño de estructura de pavimento articulado (adoquín) empleando el método AASHTO 93 del tramo empalme Hermanos Cruz- El Regadío (3km) Departamento de Estelí
Presenta un diseño de pavimento articulado, empleando el método AASHTO 93 del tramo empalme Hermanos Cruz, El Regadío 3 km, departamento de Estelí. Asimismo se realiza un estudio de suelo y de tránsito.
| Main Author: | |
|---|---|
| Other Authors: | |
| Format: | Tesis Section = Libro |
| Language: | Undetermined Spanish |
| Published: |
Managua
UNI/RUACS
2015
|
| Subjects: |
| LEADER | 01051nam a2200241Ia 4500 | ||
|---|---|---|---|
| 008 | 240830s9999 xx 000 0 und d | ||
| 040 | |a BIBLIOTECA-RUPAP T.Mon 625.85 T315 | ||
| 041 | |a spa | ||
| 082 | |a T.Mon 625.85 T315 | ||
| 100 | 1 | |a Tercero Fuentes, José Javier | |
| 245 | 1 | 0 | |a Diseño de estructura de pavimento articulado (adoquín) empleando el método AASHTO 93 del tramo empalme Hermanos Cruz- El Regadío (3km) Departamento de Estelí |
| 260 | |a Managua |b UNI/RUACS |c 2015 | ||
| 300 | |a 109 p. :il. | ||
| 500 | |a Contiene: anexos y CD. | ||
| 502 | |a Tesis (Ingeniero Civil)- UNI, 2015. | ||
| 520 | 3 | |a Presenta un diseño de pavimento articulado, empleando el método AASHTO 93 del tramo empalme Hermanos Cruz, El Regadío 3 km, departamento de Estelí. Asimismo se realiza un estudio de suelo y de tránsito. | |
| 650 | 7 | |a PAVIMENTOS | |
| 650 | 7 | |b PAVIMENTOS DE HORMIGON | |
| 650 | 7 | |c CARRETAS-MANTENIMIENTO Y REPARACION. | |
| 700 | 1 | |a Tutor: |b Bustamante Arteaga, José Fernando | |
| 942 | |c BK |2 ddc | ||
| 991 | |a TESIS | ||
| 999 | |c 18416 | ||